[Event "Urals-ch"]
[Site "Khanty-Mansiysk"]
[Date "2021.03.19"]
[Round "9"]
[White "Ramazanov, Robert"]
[Black "Novikov, Victor1"]
[Result "1-0"]
[WhiteElo "1331"]
[BlackElo "1459"]
[PlyCount "87"]
[EventDate "2021.03.11"]
[EventType "swiss"]
[EventRounds "9"]
[EventCountry "RUS"]
[SourceTitle "CBM 201 Extra"]
[Source "ChessBase"]
[SourceDate "2021.05.31"]
[SourceVersion "1"]
[SourceVersionDate "2021.05.31"]
[SourceQuality "1"]

1. Nf3 Nf6 2. g3 g6 3. Bg2 Bg7 4. 0-0 0-0 5. d4 d6 6. c4 c6 7. Nc3 Re8 8. e4 e5 9. dxe5 dxe5 10. Qxd8 Rxd8 11. Nxe5 Nh5 12. Nf3 Bxc3 13. bxc3 Be6 14. c5 Rd3 15. Be3 Rxc3 16. Bd4 Ra3 17. Rfb1 Rxa2 18. Rxa2 Bxa2 19. Rxb7 a5 20. Nd2 Na6 21. Bf1 Nb4 22. Bc3 Ng7 23. Bxb4 axb4 24. Rxb4 Ne6 25. Rb6 Nd4 26. Bc4 Bxc4 27. Nxc4 Ra1+ 28. Kg2 Rc1 29. Rb4 Ne6 30. Ne5 Rxc5 31. f4 Rc2+ 32. Kh3 c5 33. Rb8+ Kg7 34. Rb7 Rc1 35. Rxf7+ Kg8 36. Re7 Nd4 37. Rc7 Nb5 38. Rc6 Nd4 39. Rc7 Nb5 40. Rd7 c4 41. f5 gxf5 42. exf5 c3 43. f6 h6 44. Ng6 1-0

[Event "Khanty-Mansiysk Governor Cup 16th"]
[Site "Khanty-Mansiysk"]
[Date "2020.12.02"]
[Round "3"]
[White "Ramazanov, Robert"]
[Black "Salnikova, Ekaterina"]
[Result "1-0"]
[WhiteElo "1259"]
[BlackElo "1327"]
[PlyCount "107"]
[EventDate "2020.11.30"]
[EventType "swiss"]
[EventRounds "9"]
[EventCountry "RUS"]
[SourceTitle "CBM 199 Extra"]
[Source "ChessBase"]
[SourceDate "2021.01.31"]
[SourceVersion "1"]
[SourceVersionDate "2021.01.31"]
[SourceQuality "1"]

1. d4 d5 2. c4 c6 3. e3 Nf6 4. Nc3 Bf5 5. Nf3 e6 6. a3 Nbd7 7. c5 Ne4 8. Nxe4 Bxe4 9. Bd3 Bxd3 10. Qxd3 e5 11. Qe2 e4 12. Nd2 g6 13. f3 Nf6 14. fxe4 Nxe4 15. Nxe4 dxe4 16. Qc4 Qd5 17. b3 Be7 18. Qxd5 cxd5 19. Bd2 f5 20. 0-0 Kd7 21. Kf2 h5 22. Ke2 Rhf8 23. Be1 h4 24. b4 a6 25. a4 Ke6 26. a5 Kd7 27. g3 hxg3 28. Bxg3 Bd8 29. Be5 Bc7 30. Bxc7 Kxc7 31. Rg1 Rf6 32. Rg2 Rh8 33. Rf1 Rh4 34. Kd2 Rh5 35. Rgf2 Kd7 36. Kc3 Rh3 37. Kd2 Ke6 38. Rb1 f4 39. Rxf4 Rxf4 40. exf4 Rxh2+ 41. Ke3 Rh3+ 42. Ke2 Ra3 43. b5 Rxa5 44. c6 Ra2+ 45. Ke1 Kd6 46. cxb7 Kc7 47. bxa6 Kb8 48. Rb6 Ra1+ 49. Kf2 Ra2+ 50. Kg3 Ra3+ 51. Kg4 e3 52. Rxg6 Ka7 53. Rg8 Rb3 54. b8Q+ 1-0

[Event "Khanty-Mansiysk Governor Cup 16th"]
[Site "Khanty-Mansiysk"]
[Date "2020.12.01"]
[Round "2"]
[White "Makarova, Anastasiya"]
[Black "Ramazanov, Robert"]
[Result "0-1"]
[WhiteElo "1512"]
[BlackElo "1259"]
[PlyCount "98"]
[EventDate "2020.11.30"]
[EventType "swiss"]
[EventRounds "9"]
[EventCountry "RUS"]
[SourceTitle "CBM 199 Extra"]
[Source "ChessBase"]
[SourceDate "2021.01.31"]
[SourceVersion "1"]
[SourceVersionDate "2021.01.31"]
[SourceQuality "1"]

1. c4 Nf6 2. Nc3 g6 3. d3 d6 4. g3 Bg7 5. Bg2 c6 6. e4 e5 7. Nge2 Be6 8. 0-0 d5 9. Qa4 d4 10. Nd5 Nfd7 11. Qb4 b6 12. Qd6 cxd5 13. Nxd4 Bf8 14. Nxe6 Bxd6 15. Nxd8 Kxd8 16. exd5 Nc5 17. Bg5+ Kc7 18. Bf6 Re8 19. Bxe5 Rxe5 20. d4 Re2 21. dxc5 bxc5 22. b4 Nd7 23. a3 Rae8 24. bxc5 Nxc5 25. Bf3 Rb2 26. Rfb1 Reb8 27. Rxb2 Rxb2 28. Re1 Nd3 29. Re2 Rxe2 30. Bxe2 Nc1 31. Bd1 Bxa3 32. Bc2 Kd6 33. Kf1 Kc5 34. Ke1 Kxc4 35. Be4 Kd4 36. Bg2 Nd3+ 37. Ke2 Bd6 38. f4 Nc5 39. Kd2 Ne4+ 40. Kc2 a5 41. Kb3 Kxd5 42. Ka4 Bb4 43. Bf1 Nd2 44. Bb5 f6 45. Be8 Nf1 46. g4 Nxh2 47. g5 fxg5 48. fxg5 Nf3 49. Bf7+ Ke5 0-1